| 000 | 01040cam a22002653a 4500 | ||
|---|---|---|---|
| 001 | 3655 | ||
| 003 | PGUSA | ||
| 005 | 20140828083036.0 | ||
| 008 | 030101s2003||||xxu|||||s|||||000 1 eng d | ||
| 040 |
_aPGUSA _beng |
||
| 042 | _adc | ||
| 050 | 4 | _aPZ | |
| 050 | 4 | _aPR | |
| 100 | 1 |
_aEdgeworth, Maria, _d1767-1849 |
|
| 245 | 1 | 4 |
_aThe Parent's Assistant; Or, Stories for Children _h[electronic resource] / _cMaria Edgeworth |
| 260 |
_bProject Gutenberg, _c2003 |
||
| 505 | 0 | _aThe orphans -- Lazy Lawrence -- The false key -- Simple Susan -- The white pigeon -- The birthday present -- Eton Montem -- Forgive and forget -- Waste not, want not -- Old poz -- The mimic -- The barring out, or, party spirit -- The bracelets -- The little merchants -- Tarlton -- The basket woman. | |
| 506 | _aPublic domain in the USA. | ||
| 516 | _aElectronic text | ||
| 653 | _aConduct of life -- Juvenile fiction | ||
| 653 | _aChildren's stories | ||
| 830 | 0 |
_aProject Gutenberg _v3655 |
|
| 856 | 4 | 0 | _uhttp://www.gutenberg.org/ebooks/3655 |
| 942 | _cEB | ||
| 999 |
_c232984 _d232984 |
||